000 00254nam a22001097a 4500
008 170124b xxu||||| |||| 00| 0 eng d
020 _a9780805355802
041 _aeng
080 _24TH
_a618.2
245 _aMATERNAL NEWBORN NURSING
_cOLDS
942 _2udc
_cBK
999 _c3519
_d3519